000 01491cam a2200313 i 4500
001 2018058371
003 EG-ScBUE
005 20250512083733.0
008 181207s2019 enkae f b 001 0 eng d
020 _a9781138062764
040 _aDLC
_beng
_erda
_cDLC
_dOCLCF
_dUKMGB
_dYDX
_dEG-ScBUE
082 0 4 _a720.286
_222
_bPLE
100 1 _aPlevoets, Bie,
_eauthor.
245 1 0 _aAdaptive reuse of the built heritage :
_bconcepts and cases of an emerging discipline /
_cBie Plevoets and Koenraad Van Cleempoel.
264 1 _aAbingdon, Oxon ;
_aNew York, NY :
_bRoutledge,
_c2019.
300 _axix, 236 pages :
_billustrations (some color), plans ;
_c24 cm
336 _atext
_btxt
_2rdacontent
337 _aunmediated
_bn
_2rdamedia
338 _avolume
_bnc
_2rdacarrier
504 _aIncludes bibliographical references and index.
505 2 _aHistorical background -- Intervention strategies -- Adaptive reuse for urban regeneration -- Diocletian Palace, Split -- Attocha Station, Madrid -- Neues Museum, Berlin -- Former Prison, Hasselt -- St Joseph church, Ghent.
650 7 _aBuildings
_xRemodeling for other use.
_2BUEsh
653 _cMay2025
_bART
655 _vReading book
700 1 _aCleempoel, Koenraad van,
_eauthor.
776 0 8 _iebook version :
_z9781351665360
942 _2ddc
_cBB
949 _tNONCIRC
_l_ULDEMAND
_mI-UNIVLIB
_o.PUBLIC. Books on Demand service for IUPUI University Library users only
_o.PUBLIC. Click the “Get this for IUPUI” button to submit a request.
999 _c30964
_d30935